Countries by Middle Letters - Statistics

General Stats
  • This quiz has been taken 12 times
    10 since last reset
  • The average score is 6 of 20
Answer Stats
Hint Answer % Correct
_ _ N E G _ _ Senegal
83%
_ _ V A _ _ Tuvalu
67%
_ _ E T N _ _ Vietnam
67%
_ _ H R A _ _ Bahrain
50%
_ _ L G I _ _ Belgium
50%
_ _ _ _ _ T E N _ _ _ _ _ Liechtenstein
50%
_ _ _ E Z U _ _ _ Venezuela
50%
_ _ _ _ E R L _ _ _ _ Netherlands
33%
_ _ _ _ Z E R _ _ _ _ Switzerland
33%
_ _ N U A _ _ Vanuatu
33%
_ _ _ _ A N I _ _ _ _ Afghanistan
17%
_ _ U A D _ _ Ecuador
17%
_ _ _ I O _ _ _ Ethiopia
17%
_ _ _ T E M _ _ _ Guatemala
17%
_ _ _ _ E N _ _ _ _ Montenegro
17%
_ _ _ I L _ _ _ Thailand
17%
_ _ _ I N _ _ _ Dominica
0%
_ _ _ I B _ _ _ Kiribati
0%
_ _ _ A R A _ _ _ Nicaragua
0%
_ _ _ _ H E _ _ _ _ Seychelles
0%
No matching quizzes found
Score Distribution
Percent of People with Each Score
Percentile by Number Answered
Your Score History
You have not taken this quiz since the last reset